000 00752nam a2200229Ia 4500
005 20240530110949.0
008 140319s2009 ua 000 0 ara d
040 _aGCL /
_cGCL
082 0 4 _a923.1 \
_bا م
100 0 _aالسيد فرج
245 1 0 _aمشوار يوسيب بروز تيتو /
_cالسيد فرج
250 _aط. 1
260 _aالقاهرة :
_bدار نون،
_c2009
260 _aدبى :
_bمنشورات الادهم ،
_c2009
300 _a1360 ص. ؛
_c24 سم.
490 _aمذكرات زعيم دول عدم الانحياز
650 0 4 _aالتراجم
650 0 4 _aالماريشال تيتو
651 _2يوغلاسلافية
942 _2ddc
_cBK
999 _c66962
_d66962